Introducing English semantics
Discusses the nature of human language and how linguists categorise and examine it. Covers meanings expressed in English words, prefixes, suffixes and sentences. Examines such relations as synonymy, antonymy, hyponymy, ambiguity, implication, factivity, aspect, and modality Draws comparisons between...
محفوظ في:
| المؤلف الرئيسي: | |
|---|---|
| التنسيق: | كتاب |
| اللغة: | Vietnamese |
| منشور في: |
London
Routledge
2014
|
| الطبعة: | 2nd ed. |
| الموضوعات: | |
| الوسوم: |
إضافة وسم
لا توجد وسوم, كن أول من يضع وسما على هذه التسجيلة!
|
| Thư viện lưu trữ: | Thư viện Trường Đại học Nam Cần Thơ |
|---|
| LEADER | 01237nam a22002177a 4500 | ||
|---|---|---|---|
| 001 | NCT_91059 | ||
| 008 | 210707b xxu||||| |||| 00| 0 vie d | ||
| 999 | |c 4493 |d 4493 | ||
| 020 | |a 9780415828055 |c 1449000 | ||
| 082 | 0 | 4 | |2 23rd ed. |a 420.143 |b K92 |
| 100 | 1 | |a Kreidler, Charles W. | |
| 245 | 1 | 0 | |a Introducing English semantics |c Charles W Kreidler |
| 250 | |a 2nd ed. | ||
| 260 | |a London |b Routledge |c 2014 | ||
| 300 | |a xii, 196p. |b ill. |c 24cm | ||
| 504 | |a Includes bibliographical references and index | ||
| 520 | 3 | |a Discusses the nature of human language and how linguists categorise and examine it. Covers meanings expressed in English words, prefixes, suffixes and sentences. Examines such relations as synonymy, antonymy, hyponymy, ambiguity, implication, factivity, aspect, and modality Draws comparisons between English and other languages Illustrates the importance of 'tone of voice' and 'body language' in face-to-face exchanges and the role of context in any communication. | |
| 653 | |a Cơ bản | ||
| 942 | |2 ddc |c BK | ||
| 952 | |0 0 |1 0 |2 ddc |4 0 |6 420_143000000000000_K92 |7 0 |9 21492 |a 000001 |b 000001 |d 2021-07-07 |o 420.143 K92 |p MD.18767 |r 2021-07-07 |v 999999.99 |w 2021-07-07 |y BK | ||
| 980 | |a Thư viện Trường Đại học Nam Cần Thơ | ||


